LDR 00996naa#a2200181#i#450# 001 RU\INFRA-M\bibl\118277 005 20260428030347.2 011 ## _a2587-9111 100 ## _a20260417b2026####ek#y0rusy0150####ca 102 ## _aRU 200 1# _aВлияние строительства логистических узлов Китая на цифровую трансформацию логистических предприятий в контексте инициативы «Пояс и путь» _eЖурнальная статья 210 1# _aМосква _cОбщество с ограниченной ответственностью «Научно-издательский центр ИНФРА-М» _d2026 215 ## _a7 с. 608 ## _aЖурнальная статья _2local 675 ## _aУправление предприятиями. Организация и техника торговли. 658 _z 700 #1 _aШаньшань _gЧжао 700 #1 _aЧжихуэй _gВан 856 4# _anaukaru.ru _u